000 00416nam a2200109Ia 4500
008 160523s9999 xx 000 0 und d
245 _aLinked Open Data - Creating Knowledge Out of Interlinked Data: Results of the LOD2 Project
245 _cs: Sören Auer --- Volha Bryl --- Sebastian Tramp
260 _c2014
650 _xInformation Technology.
856 _uhttp://link.springer.com/book/10.1007/978-3-319-09846-3
999 _c294706
_d294706